Materialismo filosófico

Posición filosófica crítica, que considera a la materia como principio, origen y causa de todo lo existente. El termino fue utilizado por primera vez en 1647 por Robert Boyle en The Excellence and Grounds of the Mechanical Philosophy y fue adoptado por los philosophes.

Bibliographic Details
Main Author: Hidalgo Tuñón, Alberto
Format: Analitica de revista
Language:Spanish
Published: 2006
Subjects:
Online Access:Acceso electrónico al documento

MARC

LEADER 00000cab a2200000 a 4500
001 044514
003 UAHC_CL
005 20210925134541.0
008 230818s2006 000 spa
040 |a UAHC_CL  |c UAHC_CL  |d UAHC_CL 
100 |a Hidalgo Tuñón, Alberto  |9 4527 
245 1 0 |a Materialismo filosófico  |c Alberto Hidalgo Tuñón. 
260 |c 2006 
300 |a pp. 1-8 
500 |a En: Eikasia, Revista de filosofía, n° 2, enero 2006. pp. 1-8. Sitio visitado (http://www.revistadefilosofia.org/MATERIALISMOFILOSOFICOesp.pdf) el 23 de agosto de 2018. 
520 |a Posición filosófica crítica, que considera a la materia como principio, origen y causa de todo lo existente. El termino fue utilizado por primera vez en 1647 por Robert Boyle en The Excellence and Grounds of the Mechanical Philosophy y fue adoptado por los philosophes. 
650 0 |9 127  |a Filosofía 
653 |a Materialismo filosófico 
653 |a Materialismo antropológico 
856 |u https://www.revistadefilosofia.org/MATERIALISMOFILOSOFICOesp.pdff  |y Acceso electrónico al documento 
942 |c REVA 
952 |0 0  |1 0  |2 ddc  |4 0  |6 RECURSO_ELECTRONICO  |7 0  |8 BAS  |9 94479  |a BC  |b BC  |c Digital  |d 2021-03-18  |l 0  |o RECURSO ELECTRONICO  |r 2021-03-18 00:00:00  |w 2021-03-18  |y REVA  |A 14  |B ANT 
999 |c 51027  |d 51027